Statistiche per Top 15 dei paesi con decessi Covid-19 - 25 apr 2021

Clicka qui per fare il quiz!

Statistiche generali

  • Questo quiz è stato fatto 4 volte
  • Il punteggio medio è 11 su 24

Statistiche sulle risposte

paese% Corretto
Francia
100%
Germania
100%
Italia
100%
Spagna
100%
Stati Uniti
100%
Brasile
75%
India
75%
Messico
75%
Regno Unito
75%
Russia
75%
Argentina
50%
Belgio
50%
Polonia
50%
Croazia
25%
Iran
25%
Macedonia
del Nord
25%
Bosnia ed
Erzegovina
0%
Bulgaria
0%
Cechia
0%
Colombia
0%
Perù
0%
Slovacchia
0%
Slovenia
0%
Ungheria
0%

Distribuzione punteggi

Percentile per numero di risposta

Percentuale di utenti per punteggio

I tuoi punteggi nel tempo

Non hai fatto questo quiz